रिमझिम की फुहारें / (Record no. 207127)

MARC details
000 -LEADER
fixed length control field 01193nam a22002537a 4500
005 - DATE AND TIME OF LATEST TRANSACTION
control field 20241128121605.0
010 ## - LCCN (DPL NO)
LC control number B-761327
020 ## - INTERNATIONAL STANDARD BOOK NUMBER
Terms of availability 250.00
International Standard Book Number 8176500852
035 ## - SYSTEM CONTROL NUMBER
System control number B-761327
037 ## - SOURCE OF ACQUISITION
Source of stock number/acquisition उपहार
082 ## - DEWEY DECIMAL CLASSIFICATION NUMBER
Classification number
Item number बीरसे
100 ## - MAIN ENTRY--PERSONAL NAME
Personal name जागासिंह,बीरसेन
245 ## - TITLE STATEMENT
Title रिमझिम की फुहारें /
Statement of responsibility, etc बीरसेन जागासिंह
260 ## - PUBLICATION, DISTRIBUTION, ETC. (IMPRINT)
Place of publication, distribution, etc नयी दिल्ली
Name of publisher, distributor, etc स्टार पब्लिकेशन
Date of publication, distribution, etc 2022
270 ## - ADDRESS
Address 4/5, बी असफ अली रोड
City नयी दिल्ली
Postal code 110002
300 ## - PHYSICAL DESCRIPTION
Extent 115पृ.
Dimensions 24सेमी(अजिल्द)
Other physical details सचित्र
500 ## - GENERAL NOTE
General note मॉरीशस की पच्चीस की हिन्दी बाल-कहानियाँ
650 ## - SUBJECT ADDED ENTRY--TOPICAL TERM
Topical term or geographic name as entry element हिन्दी साहित्य
650 ## - SUBJECT ADDED ENTRY--TOPICAL TERM
Topical term or geographic name as entry element हिन्दी बाल कहानियां
650 ## - SUBJECT ADDED ENTRY--TOPICAL TERM
Topical term or geographic name as entry element Hindi literature
650 ## - SUBJECT ADDED ENTRY--TOPICAL TERM
Topical term or geographic name as entry element Hindi stories
942 ## - ADDED ENTRY ELEMENTS (KOHA)
Source of classification or shelving scheme Dewey Decimal Classification
Item type Children Books
Classification part
Call number suffix बीरसे
Holdings
Withdrawn status Lost status Not for loan Collection code Home library Current library Date acquired Source of acquisition Cost, normal purchase price Full call number Barcode Copy number Cost, replacement price Koha item type Public note
      Fiction Central Library Central Library 28/11/2024 उपहार/28/112024 250.00 क बीरसे B-761327 1 250.00 Children Books उपहार

© Delhi Public Library
Hit Counter
free hit counter